000 00189 a2200097 4500
020 _a9780590481328
041 _aspa
100 _aBishop, Gavin
245 _aLos tres cerditos
942 _cBK
999 _c16360
_d16360